Najwolniej rozwijające się stany USA od 1960 roku - Statystyki

Ogólne statystyki
  • Ten quiz został rozwiązany 6 razy
  • Średni wynik to 2 z 10
Statystyki odpowiedzi
Zmiana Stan % Poprawnych
21 % Ohio
50%
24 % Dakota Północna
25%
24 % Illinois
25%
16 % Iowa
25%
28 % Michigan
25%
17 % Nowy Jork
25%
15 % Pensylwania
25%
28 % Rhode Island
25%
35 % Missisipi
0%
-5 % Wirginia Zachodnia
0%
Nie znaleziono quizów pasujących do podanych kryteriów
Rozkład punktacji
Procent ludzi z każdym wynikiem
Percentyl według liczby udzielonych odpowiedzi
Twoja historia wyników
Nie rozwiązałeś tego quizu